000 00833nam a22002777a 4500
001 BR7311258
003 BR-BrBNA
005 20230928084235.0
007 ta
008 230509b bl.||||| |||| 00| 0 por d
040 _aBR-BrBNA
_bpor
_cBiblioteca Nacional de Agricultura
041 _a(Por)
072 _aD10
_b2110
_b/G514
090 _ 2110 BR7311258
100 1 _aMiranda, R. de
110 1 _aComissao Executiva do Plano da Lavoura Cacaueira, Ilheus, BA (Brasil)
_92106
245 1 _aCEPLAC. Um modelo participativo [Comissao Executiva do Plano da Lavoura Cacaueira, Bahia, Brasil]
260 3 _aIlheus, BA (Brasil):
_c[nd].
300 _a13 p.
500 _aPublished after 1972
650 _aCACAU
650 _aINSTITUICAO DE PESQUISA
650 _aBAHIA
909 _a202309
_bLucia
_c55
_dLucia Elande
942 _cBK
999 _c17639
_d17639